[Event "Chess24 Legends of Chess"]
[White "Kramnik, Vladimir"]
[Black "Ding, Liren"]
[Site "Online"]
[Round "5.3"]
[Annotator "RC"]
[Result "1/2-1/2"]
[Date "2020.07.18"]
[WhiteElo "2756"]
[BlackElo "2836"]
[PlyCount "203"]
[TimeControl "900+10"]

1. e4 {[%emt 0:0:0]} c5 {[%emt 0:0:0]} 2. Nf3 {[%emt 0:0:0]} d6 {[%emt 0:0:0]} 3. d4 {[%emt 0:0:0]} cxd4 {[%emt 0:0:0]} 4. Nxd4 {[%emt 0:0:0]} Nf6 {[%emt 0:0:0]} 5. Nc3 {[%emt 0:0:0]} a6 {[%emt 0:0:0]} 6. Bc4 {[%emt 0:0:2]
} e6 {[%emt 0:0:6]} 7. Bb3 {[%emt 0:0:1]} Nbd7 {[%emt 0:0:0]} 8. Be3 {[%emt 0:0:2]} Nc5 {[%emt 0:0:5]} 9. f3 {[%emt 0:0:2]} b5 {[%emt 0:0:22]
} 10. Qd2 {[%emt 0:0:18]} Qc7 {[%emt 0:1:3]} 11. 0-0-0 {[%emt 0:1:8]
} Be7 {[%emt 0:2:28]} 12. g4 {[%emt 0:0:19]} b4 {[%emt 0:1:20]
} 13. Na4 {[%emt 0:1:8]} 0-0 {[%emt 0:0:11]} 14. Qxb4 {[%emt 0:1:35]} Nxa4 {[%emt 0:0:55]} 15. Qxa4 {[%emt 0:0:12]} Bd7 {[%emt 0:0:7]} 16. Qc4 {[%emt 0:0:26]
} Qb7 {[%emt 0:0:9]} 17. g5 {[%emt 0:0:28]} Nh5 {[%emt 0:0:0]} 18. Ba4 {[%emt 0:1:43]} Bxa4 {[%emt 0:1:28]} 19. Qxa4 {[%emt 0:0:3]} Rab8 {[%emt 0:0:1]} 20. Nc6 {[%emt 0:0:40]} Qxb2+ {[%emt 0:1:45]} 21. Kd2 {[%emt 0:0:6]
} Rfe8 {[%emt 0:0:0]} 22. Nxb8 {[%emt 0:2:2]} Qxb8 {[%emt 0:0:0]} 23. Rb1 {[%emt 0:0:24]} Qd8 {[%emt 0:0:2]} 24. Rhg1 {[%emt 0:1:2]} d5 {[%emt 0:0:2]} 25. Kc1 {[%emt 0:0:27]} g6 {[%emt 0:0:13]} 26. Rb7 {[%emt 0:0:17]
} Ng7 {[%emt 0:0:9]} 27. Kb1 {[%emt 0:1:16]} Qc8 {[%emt 0:0:0]} 28. Qxa6 {[%emt 0:1:12]} e5 {[%emt 0:1:53]} 29. Qa7 {[%emt 0:0:32]} Bf8 {[%emt 0:0:34]} 30. Rxf7 {[%emt 0:0:52]} d4 {[%emt 0:0:2]} 31. Bc1 {[%emt 0:0:51]
} Ne6 {[%emt 0:0:1]} 32. Qb7 {[%emt 0:0:36]} Qc4 {[%emt 0:0:0]} 33. Rxh7 {[%emt 0:1:10]} Nc5 {[%emt 0:0:18]} 34. Rc7 {[%emt 0:0:7]} d3 {[%emt 0:0:53]} 35. Qd5+ {[%emt 0:0:41]} Qxd5 {[%emt 0:0:4]} 36. exd5 {[%emt 0:0:1]
} Rb8+ {[%emt 0:0:1]} 37. Ka1 {[%emt 0:0:4]} e4 {[%emt 0:0:0]} 38. Be3 {[%emt 0:0:30]} Na6 {[%emt 0:0:59]} 39. Rc4 {[%emt 0:0:24]} Nb4 {[%emt 0:0:21]} 40. cxd3 {[%emt 0:0:27]} exd3 {[%emt 0:0:4]} 41. Bd4 {[%emt 0:0:18]
} Nc2+ {[%emt 0:1:41]} 42. Rxc2 {[%emt 0:0:2]} dxc2 {[%emt 0:0:0]} 43. Rc1 {[%emt 0:0:16]} Rb5 {[%emt 0:0:11]} 44. Rxc2 {[%emt 0:0:10]} Rxd5 {[%emt 0:0:1]} 45. Bf6 {[%emt 0:0:17]} Ba3 {[%emt 0:0:3]} 46. Rc8+ {[%emt 0:0:1]
} Kf7 {[%emt 0:0:1]} 47. Kb1 {[%emt 0:0:1]} Rd1+ {[%emt 0:0:0]} 48. Kc2 {[%emt 0:0:3]} Rc1+ {[%emt 0:0:1]} 49. Kb3 {[%emt 0:0:1]} Rxc8 {[%emt 0:0:1]} 50. Kxa3 {[%emt 0:0:1]} Ke6 {[%emt 0:0:28]} 51. f4 {[%emt 0:0:9]
} Ra8+ {[%emt 0:0:47]} 52. Kb2 {[%emt 0:0:3]} Rb8+ {[%emt 0:0:0]} 53. Kc3 {[%emt 0:0:5]} Ra8 {[%emt 0:0:1]} 54. Kb3 {[%emt 0:0:4]} Rb8+ {[%emt 0:0:1]} 55. Kc3 {[%emt 0:0:2]} Ra8 {[%emt 0:0:1]} 56. Kb2 {[%emt 0:0:2]
} Rb8+ {[%emt 0:0:2]} 57. Ka1 {[%emt 0:0:1]} Rb7 {[%emt 0:0:0]} 58. Be5 {[%emt 0:0:2]} Rh7 {[%emt 0:0:5]} 59. Kb2 {[%emt 0:0:1]} Rxh2+ {[%emt 0:0:8]} 60. Kb3 {[%emt 0:0:1]} Kd5 {[%emt 0:0:6]} 61. a4 {[%emt 0:0:14]
} Kc5 {[%emt 0:0:7]} 62. a5 {[%emt 0:0:17]} Kb5 {[%emt 0:0:0]} 63. Kc3 {[%emt 0:0:18]} Ra2 {[%emt 0:0:33]} 64. Bc7 {[%emt 0:0:46]} Ra4 {[%emt 0:0:8]} 65. Kd3 {[%emt 0:0:42]} Kc6 {[%emt 0:0:7]} 66. Be5 {[%emt 0:0:9]
} Kd5 {[%emt 0:0:18]} 67. Bc7 {[%emt 0:0:15]} Kc6 {[%emt 0:0:0]} 68. Be5 {[%emt 0:0:6]} Rxa5 {[%emt 0:0:2]} 69. Ke4 {[%emt 0:0:3]} Ra4+ {[%emt 0:0:1]} 70. Kf3 {[%emt 0:0:35]} Kd5 {[%emt 0:0:2]} 71. Bc7 {[%emt 0:0:12]
} Ra3+ {[%emt 0:0:17]} 72. Kg4 {[%emt 0:0:14]} Ke4 {[%emt 0:0:0]} 73. Bd6 {[%emt 0:0:5]} Rf3 {[%emt 0:0:11]} 74. Bc7 {[%emt 0:0:8]} Rf1 {[%emt 0:0:16]} 75. Kg3 {[%emt 0:0:2]} Rg1+ {[%emt 0:0:21]} 76. Kf2 {[%emt 0:0:6]
} Rc1 {[%emt 0:0:8]} 77. Be5 {[%emt 0:0:4]} Rb1 {[%emt 0:0:0]} 78. Ke2 {[%emt 0:0:14]} Rb3 {[%emt 0:0:6]} 79. Kf2 {[%emt 0:0:3]} Rf3+ {[%emt 0:0:3]} 80. Ke2 {[%emt 0:0:11]} Rh3 {[%emt 0:0:53]} 81. Kf2 {[%emt 0:0:3]
} Rh2+ {[%emt 0:0:3]} 82. Kg3 {[%emt 0:0:5]} Re2 {[%emt 0:0:0]} 83. Bc7 {[%emt 0:0:5]} Re3+ {[%emt 0:0:8]} 84. Kf2 {[%emt 0:0:15]} Rf3+ {[%emt 0:0:8]} 85. Kg2 {[%emt 0:0:9]} Ke3 {[%emt 0:0:14]} 86. Be5 {[%emt 0:0:16]
} Ke2 {[%emt 0:0:8]} 87. Bd6 {[%emt 0:0:4]} Rf2+ {[%emt 0:0:0]} 88. Kg3 {[%emt 0:0:2]} Rf1 {[%emt 0:0:1]} 89. Kg2 {[%emt 0:0:13]} Rf2+ {[%emt 0:0:10]} 90. Kg3 {[%emt 0:0:2]} Kf1 {[%emt 0:0:6]} 91. Be5 {[%emt 0:0:16]
} Rg2+ {[%emt 0:0:52]} 92. Kf3 {[%emt 0:0:3]} Re2 {[%emt 0:0:0]} 93. Bd4 {[%emt 0:0:14]} Rd2 {[%emt 0:0:5]} 94. Ke3 {[%emt 0:0:16]} Re2+ {[%emt 0:0:3]} 95. Kf3 {[%emt 0:0:5]} Ra2 {[%emt 0:0:14]} 96. f5 {[%emt 0:0:26]
} gxf5 {[%emt 0:0:2]} 97. Kf4 {[%emt 0:0:12]} Ra4 {[%emt 0:0:0]} 98. Kxf5 {[%emt 0:0:4]} Rxd4 {[%emt 0:0:2]} 99. g6 {[%emt 0:0:1]} Rd8 {[%emt 0:0:6]} 100. g7 {[%emt 0:0:2]} Rg8 {[%emt 0:0:0]} 101. Kg6 {[%emt 0:0:1]
} Rxg7+ {[%emt 0:0:2]} 102. Kxg7 {[%emt 0:0:1]} 1/2-1/2

[Event "Chess24 Legends of Chess"]
[White "Anand, Viswanathan"]
[Black "Leko, Peter"]
[Site "Online"]
[Round "5.3"]
[Annotator "TA"]
[Result "1/2-1/2"]
[Date "2020.07.18"]
[WhiteElo "2751"]
[BlackElo "2710"]
[PlyCount "86"]

1. e4 {} e5 2. Nf3 Nc6 3. Bb5 Nf6 4. d3 Bc5 5. Bxc6 dxc6 6. Nbd2 { C65: Ruy
Lopez: Berlin Defence (3...Nf6), unusual lines and 4 0-0 Bc5.} Nd7 7. Nc4 f6 $1 { is currently scoring better than 7...0-0. Played by Wesley So in May
2020.} 8. c3 Nb6 9. b4 Bd6 10. Na5 0-0 11. Be3 {[#]} Re8 $146 ({Predecessor:} 11... f5 12. a3 Qe8 13. 0-0 fxe4 14. dxe4 Bg4 15. Qb3+ Be6 16. Qd1 Bg4 17. Qb3+ Be6 18. Qd1 Bg4 19. Qb3+ Be6 20. Qd1 Bg4 21. Qb3+ Be6 {1/2-1/2 (21) Lombeck,
G-Woznica,M (2348) ICCF email 2017} )12. 0-0 Nd7 13. Nd2 Nf8 14. d4 Qd7 15. dxe5 fxe5 16. Nac4 Ng6 17. a4 Qf7 18. Qf3 Qe7 19. b5 Be6 20. bxc6 bxc6 21. Rfb1 Rf8 22. Qe2 Nf4 23. Bxf4 Rxf4 24. Nxd6 cxd6 25. Qe3 Rff8 26. Rb4 Rab8 27. Rab1 Qc7 28. h3 h6 29. Qd3 Kh7 30. Nf1 a5 31. Rxb8 Rxb8 32. Rd1 Rd8 33. Ne3 Kh8 34. c4 Qb6 35. Rb1 Qd4 36. Qc2 Rf8 (36... Rd7 $11 )37. Rd1 $14 Qc5 38. Qd3 Rd8 39. Rb1 Qd4 40. Qc2 Rf8 41. Rd1 ({White should play} 41. Rb7 $11 )Qc5 42. Qd3 (42. Qb3 $14 )Rd8 $11 43. Rb1 Qd4 {Accuracy: White = 94%, Black = 90%.} 1/2-1/2

[Event "Chess24 Legends of Chess"]
[White "Giri, Anish"]
[Black "Gelfand, Boris"]
[Site "Online"]
[Round "5.3"]
[Annotator "TA"]
[Result "1/2-1/2"]
[Date "2020.07.18"]
[WhiteElo "2731"]
[BlackElo "2702"]
[PlyCount "105"]

1. Nf3 {} c5 2. c3 d5 3. d4 Nf6 4. e3 Nbd7 5. Be2 g6 6. 0-0 {D05: Colle System with ...e6.} Bg7 7. b3 0-0 8. Bb2 b6 9. Nbd2 Bb7 10. Rc1 Rc8 11. c4 cxd4 12. Bxd4 Nc5 13. b4 Ne6 14. Be5 {[#]} Qd7 $146 ({
Predecessor:} 14... Ne4 15. Bxg7 Kxg7 16. cxd5 Bxd5 17. Rxc8 Qxc8 18. Nxe4 Bxe4 19. Nd4 Bd5 20. Nf5+ gxf5 21. Qxd5 {1-0 (45) Zita,F-Trapl,J Prague 1963} )15. Qb3 Rfd8 16. Rfd1 Qe8 17. c5 bxc5 18. bxc5 Bc6 19. Qa3 Ba4 20. Nb3 {And now
Ba6 would win.} Ne4 21. Bxg7 Kxg7 22. Nfd4 Nxd4 23. exd4 e5 24. Qb2 f6 ({
Black should try} 24... Ng5 $14 )25. Re1 $16 Bxb3 26. axb3 {
} exd4 27. Qxd4 {aiming for Ba6.} Qe5 28. Qxe5 fxe5 {[#]} 29. b4 $1 Rc7 30. Bd3 Rb8 31. Bxe4 { Overworked Piece} dxe4 {
Endgame KRR-KRR} 32. Rc4 Rcb7 33. Ra1 (33. Rcxe4 $14 Rxb4 34. Rxe5 )Rxb4 $11 {The position is equal.} 34. Rxb4 Rxb4 35. Rxa7+ {KR-KR} Kf6 {
[#]} 36. Kf1 h5 37. c6 Rc4 38. c7 h4 39. Ra4 Rxc7 40. Rxe4 g5 41. h3 Kf5 42. f3 $1 Rc1+ 43. Kf2 $1 Rc2+ 44. Kg1 Rc1+ 45. Kh2 Ra1 46. Rb4 Re1 47. Rc4 e4 48. fxe4+ Rxe4 (48... Kf4 {is more complex.} 49. Rc5 Rxe4 50. Rc8 Rb4 51. Rf8+ Ke4 )49. Rc5+ Kg6 50. Rc6+ Kf5 51. Rc5+ Kg6 52. Rc6+ Kf5 53. Rc5+ {Blacks defense
is rewarded with a draw. Accuracy: White = 90%, Black = 92%.} 1/2-1/2

[Event "Chess24 Legends of Chess"]
[White "Ding, Liren"]
[Black "Kramnik, Vladimir"]
[Site "Online"]
[Round "5.4"]
[Annotator "RC"]
[Result "0-1"]
[Date "2020.07.18"]
[WhiteElo "2836"]
[BlackElo "2756"]
[PlyCount "126"]
[TimeControl "900+10"]

1. d4 {[%emt 0:0:0]} Nf6 {[%emt 0:0:0]} 2. c4 {[%emt 0:0:0]} e6 {[%emt 0:0:0]} 3. Nf3 {[%emt 0:0:0]} d5 {[%emt 0:0:0]} 4. Nc3 {[%emt 0:0:0]} Nbd7 {[%emt 0:0:0]} 5. cxd5 {[%emt 0:0:1]} exd5 {[%emt 0:0:0]} 6. Bg5 {[%emt 0:0:1]
} c6 {[%emt 0:0:0]} 7. e3 {[%emt 0:0:1]} h6 {[%emt 0:0:2]} 8. Bh4 {[%emt 0:0:2]} Be7 {[%emt 0:0:17]} 9. Qc2 {[%emt 0:0:3]} 0-0 {[%emt 0:0:6]
} 10. Bd3 {[%emt 0:0:1]} Re8 {[%emt 0:0:1]} 11. Nd2 {[%emt 0:0:0]} Nf8 {[%emt 0:0:37]} 12. 0-0 {[%emt 0:0:8]} Nh5 {[%emt 0:0:59]} 13. Bxe7 {[%emt 0:0:3]} Qxe7 {[%emt 0:0:1]} 14. Rae1 {[%emt 0:0:7]} Ne6 {[%emt 0:0:40]
} 15. f4 {[%emt 0:3:54]} Nf6 {[%emt 0:0:3]} 16. Nf3 {[%emt 0:0:0]} c5 {[%emt 0:0:24]} 17. Qf2 {[%emt 0:0:46]} Bd7 {[%emt 0:1:2]} 18. Ne5 {[%emt 0:0:3]} Bc6 {[%emt 0:0:45]} 19. Bf5 {[%emt 0:1:6]} Rad8 {[%emt 0:2:38]
} 20. g4 {[%emt 0:1:38]} Ne4 {[%emt 0:1:46]} 21. Nxe4 {[%emt 0:0:0]} dxe4 {[%emt 0:0:1]} 22. Nxc6 {[%emt 0:0:1]} bxc6 {[%emt 0:0:1]} 23. Bxe4 {[%emt 0:0:0]} Qd6 {[%emt 0:1:44]} 24. f5 {[%emt 0:1:8]} Ng5 {[%emt 0:0:10]
} 25. Bg2 {[%emt 0:0:3]} Rb8 {[%emt 0:3:7]} 26. Qf4 {[%emt 0:0:0]} Qe7 {[%emt 0:0:38]} 27. b3 {[%emt 0:1:15]} cxd4 {[%emt 0:0:12]} 28. f6 {[%emt 0:0:56]} Qb4 {[%emt 0:1:22]} 29. fxg7 {[%emt 0:0:40]} dxe3 {[%emt 0:0:17]
} 30. h4 {[%emt 0:1:7]} e2 {[%emt 0:0:32]} 31. Qxb4 {[%emt 0:0:0]} Rxb4 {[%emt 0:0:13]} 32. Rf2 {[%emt 0:3:3]} Ne6 {[%emt 0:0:2]} 33. Rexe2 {[%emt 0:1:23]} Rxg4 {[%emt 0:0:8]} 34. Kh2 {[%emt 0:0:2]} Rxh4+ {[%emt 0:0:36]
} 35. Kg3 {[%emt 0:0:1]} Rh5 {[%emt 0:0:1]} 36. Bxc6 {[%emt 0:0:3]
} Rc8 {[%emt 0:0:23]} 37. Bd7 {[%emt 0:0:14]} Rc3+ {[%emt 0:0:0]} 38. Kg2 {[%emt 0:0:10]} Rg5+ {[%emt 0:0:17]} 39. Kf1 {[%emt 0:0:8]} Nd4 {[%emt 0:0:24]} 40. Re4 {[%emt 0:0:3]} Nf3 {[%emt 0:1:24]} 41. Bg4 {[%emt 0:0:30]
} Ne5 {[%emt 0:0:6]} 42. Bf5 {[%emt 0:0:4]} Rc1+ {[%emt 0:0:0]} 43. Re1 {[%emt 0:0:2]} Rxe1+ {[%emt 0:0:15]} 44. Kxe1 {[%emt 0:0:0]} Kxg7 {[%emt 0:0:2]} 45. b4 {[%emt 0:0:6]} h5 {[%emt 0:0:3]} 46. b5 {[%emt 0:0:4]
} Rg3 {[%emt 0:0:8]} 47. a4 {[%emt 0:0:2]} Nf3+ {[%emt 0:0:0]} 48. Kf1 {[%emt 0:0:23]} Rg1+ {[%emt 0:0:15]} 49. Ke2 {[%emt 0:0:2]} Nd4+ {[%emt 0:0:7]} 50. Ke3 {[%emt 0:0:2]} Nb3 {[%emt 0:0:24]} 51. Bc2 {[%emt 0:0:42]
} Na5 {[%emt 0:0:1]} 52. Rf5 {[%emt 0:0:22]} Rg3+ {[%emt 0:0:0]} 53. Kd4 {[%emt 0:0:13]} h4 {[%emt 0:0:5]} 54. Rh5 {[%emt 0:0:1]} Rg4+ {[%emt 0:0:8]} 55. Kd5 {[%emt 0:0:28]} Rc4 {[%emt 0:0:15]} 56. Be4 {[%emt 0:0:12]
} Rxa4 {[%emt 0:0:4]} 57. Rxh4 {[%emt 0:0:2]} f5 {[%emt 0:0:0]} 58. Rf4 {[%emt 0:0:42]} fxe4 {[%emt 0:0:4]} 59. Rxe4 {[%emt 0:0:1]} Rxe4 {[%emt 0:0:7]} 60. Kxe4 {[%emt 0:0:0]} Kf6 {[%emt 0:0:3]} 61. Kd5 {[%emt 0:0:1]
} Ke7 {[%emt 0:0:3]} 62. Kc5 {[%emt 0:0:2]} Kd7 {[%emt 0:0:0]} 63. b6 {[%emt 0:0:7]} a6 {[%emt 0:0:10]} 0-1

[Event "Chess24 Legends of Chess"]
[White "Svidler, Peter"]
[Black "Nepomniachtchi, Ian"]
[Site "Online"]
[Round "5.4"]
[Annotator "TA"]
[Result "0-1"]
[Date "2020.07.18"]
[WhiteElo "2742"]
[BlackElo "2778"]
[PlyCount "80"]

1. Nf3 {} Nf6 2. e3 g6 3. b4 Bg7 4. Bb2 0-0 5. c4 d6 6. Be2 e5 7. d3 a5 8. b5 {A15: English Opening: 1...Nf6.} e4 9. dxe4 Nxe4 10. Bxg7 {The position is equal.} Kxg7 11. 0-0 Qf6 12. Nd4 Nd7 13. f3 Nec5 14. Nc3 Nb6 {[#]} 15. Qd2 $146 ({Predecessor:} 15. Nd5 Nxd5 16. cxd5 Qe5 17. Nc2 {1/2-1/2 (17) Shcherbakov,R (2570)-Mortensen,E (2445) Hastings 1993} )Be6 16. Nxe6+ Qxe6 17. Rfe1 Rfe8 18. Bf1 Qf6 19. Rac1 Re7 20. e4 Rae8 21. Nd1 a4 22. Nf2 h5 23. Re3 Kg8 24. Rce1 Qe6 25. Qc3 Qe5 26. Qc1 Qd4 27. Rd1 Qg7 28. g3 f5 29. Nh3 fxe4 30. f4 Nd3 31. Bxd3 exd3 32. Rexd3 Nd7 33. b6 (33. Ng5 $15 )Nc5 ({Better is} 33... Nxb6 $17 34. c5 dxc5 35. Qxc5 Re2 )34. Rd5 Ne4 $36 { Threatens to win with ...Nc3.
Black is more active.} 35. Re1 $2 { [#] This costs White the game.} (35. R5d3 $11 {and White is okay.} )c6 $1 $19 {} ({Weaker is
} 35... cxb6 36. Qc2 $15 )36. Rd3 {[#]} Nf2 $1 {} 37. Rde3 $2 (37. Rxe7 {is the only way for White.} Nxh3+ 38. Kg2 Qxe7 39. Qd1 )(37. Kxf2 Rxe1 )Nxh3+ 38. Kg2 Rxe3 39. Rxe3 Rxe3 40. Qxe3 Qd7 {Accuracy: White = 70%,
Black = 86%.} 0-1

[Event "Chess24 Legends of Chess"]
[White "Leko, Peter"]
[Black "Anand, Viswanathan"]
[Site "Online"]
[Round "5.4"]
[Annotator "TA"]
[Result "1-0"]
[Date "2020.07.18"]
[WhiteElo "2710"]
[BlackElo "2751"]
[PlyCount "44"]

1. e4 {} e5 2. Nf3 Nc6 3. Bc4 Bc5 4. 0-0 Nf6 5. d3 d6 6. c3 a6 7. a4 h6 8. Re1 $1 {The main line 8.Re1 scores better than 8.Nbd2.
C54: Giuoco Piano: 4 c3 Nf6, main lines with 5 d4 and 5 d3.} 0-0 9. Nbd2 a5 10. Nf1 {The position is equal.} Be6 11. Bb5 Na7 12. d4 exd4 13. Nxd4 Nxb5 14. axb5 Re8 15. Ng3 Bd7 16. h3 {[#]} Re5 $146 ({Predecessor:} 16... c6 17. bxc6 Bxc6 18. Nxc6 bxc6 19. Bf4 Qb6 20. Qc2 Rab8 21. Re2 Re6 22. Rae1 Rbe8 {1/2-1/2 (104)
Vachier Lagrave,M (2789)-Karjakin,S (2782) Leuven 2018} )17. f4 (17. c4 {
looks sharper.} c6 18. bxc6 bxc6 19. Nf3 Re8 20. Qc2 )Bxd4+ 18. cxd4 Rxb5 19. Ra3 d5 (19... Ne8 $11 )20. e5 $16 {[#]} Ne4 $1 {} 21. f5 (21. Nxe4 dxe4 )Nxg3 (21... Qh4 $11 22. Nxe4 dxe4 )22. Rxg3 {Strongly
threatening Bxh6.} Bc8 $2 { Accuracy: White = 93%, Black = 64%.} (22... Bxf5 $16 23. Bxh6 Bg6 )1-0

[Event "Chess24 Legends of Chess"]
[White "Gelfand, Boris"]
[Black "Giri, Anish"]
[Site "Online"]
[Round "5.4"]
[Annotator "TA"]
[Result "0-1"]
[Date "2020.07.18"]
[WhiteElo "2702"]
[BlackElo "2731"]
[PlyCount "110"]

1. Nf3 {} d5 2. d4 Nf6 3. c4 c6 4. e3 Bf5 5. Nc3 e6 6. Nh4 Be4 7. f3 Bg6 {D12: Slav Defence:
3 Nf3 Nf6 4 e3 Bf5.} 8. Bd2 Be7 9. Nxg6 hxg6 {White has an edge.} 10. Qc2 Nbd7 {[#]} 11. cxd5 $146 ({Predecessor:} 11. 0-0-0 Nb6 12. c5 Nbd7 13. Kb1 Qb8 14. h4 g5 15. Be1 g4 16. e4 gxf3 17. gxf3 {1/2-1/2 (42) Giri,A (2763)-Caruana,F 
(2842) Ekaterinburg 2020} )cxd5 12. Qb3 0-0 13. Bd3 Qb8 14. 0-0 Bd6 15. f4 a6 16. a4 Rc8 17. Rac1 Rc6 18. a5 Qa7 19. Na4 Rac8 20. Rc3 Qb8 21. Rfc1 Rxc3 22. Rxc3 Rxc3 23. Qxc3 g5 24. Qc1 gxf4 25. exf4 {[#]} g5 $1 {} 26. g3 (26. fxg5 Bxh2+ )Qa7 $36 { Black is pushing.} 27. Nb6 {
Loses the game.} ({White should try} 27. Be3 $15 gxf4 28. gxf4 )Nxb6 $19 28. fxg5 (28. axb6 {was the only chance.} Qxb6 29. Bc3 )Nbd7 29. Bc3 Ne8 30. g6 fxg6 31. Bxg6 Ng7 32. Qg5 Qb8 33. Kg2 Nf8 34. Bd3 Qc7 35. h4 Qe7 36. Qxe7 Bxe7 37. Kh3 Nf5 38. Kg4 Bd6 39. Bxf5 exf5+ 40. Kxf5 Bxg3 41. h5 (41. Kf6 {was the only defense.} Bxh4+ 42. Ke5 )Kf7 42. h6 Bd6 43. Bd2 Bc7 44. Bb4 (44. Bc3 {might work better.} )Ne6 {Black is clearly winning.} 45. Bc3 {
And now h7 would win.} Nd8 46. b4 (46. h7 $142 Kg7 47. Bd2 )Bd6 47. h7 Kg7 48. Bd2 Kxh7 49. Bg5 Nc6 { [#] Double Attack} 50. Ke6 Bxb4 51. Kxd5 Bxa5 52. Kc5 Kg6 53. Bh4 Kf7 54. d5 Ne7 55. Bg5 Nf5 {Accuracy: White =
57%, Black = 86%.} 0-1

[Event "Chess24 Legends of Chess"]
[White "Ivanchuk, Vasyl"]
[Black "Carlsen, Magnus"]
[Site "Online"]
[Round "5.4"]
[Annotator "TA"]
[Result "1/2-1/2"]
[Date "2020.07.18"]
[WhiteElo "2686"]
[BlackElo "2881"]
[PlyCount "94"]

1. d4 {} Nf6 2. c4 e6 3. Nf3 d5 4. Nc3 a6 5. e3 dxc4 6. a4 c5 7. Bxc4 Nc6 8. 0-0 Be7 9. Qe2 cxd4 10. Rd1 e5 11. exd4 exd4 12. Nxd4 Nxd4 13. Qe5 Qd6 14. Qxd4 Qxd4 15. Rxd4 Bc5 {The position is equal.} 16. Rd1 {D27: Queen's Gambit
Accepted: Classical main line: 7 e4!? and 7 a4.} (16. Rf4 {is more complex.} 0-0 17. Nd5 Nxd5 18. Bxd5 Be6 19. Bxb7 Ra7 20. Bf3 )Be6 17. Bxe6 fxe6 {
[#]} 18. Kf1 $5 $146 { An interesting novelty.} ({Predecessor:} 18. Bg5 0-0 19. Bxf6 gxf6 20. Rd7 Rad8 21. Rxb7 f5 22. Rc7 Rc8 23. Rxc8 Rxc8 24. Kf1 {
1/2-1/2 (47) Checa,N (2506)-So,W (2762) chess.com INT 2019} )Kf7 19. Ke2 Rhd8 20. Be3 Bxe3 21. Kxe3 e5 22. f3 Ke6 23. Rac1 Rxd1 24. Rxd1 $11 { Endgame KRN-KRN} Rc8 25. Rd3 Rc4 26. b3 Rb4 27. Ne4 Nxe4 28. fxe4 {KR-KR} a5 29. h4 h5 30. g3 b6 31. Kf3 Kf6 32. Ke3 g5 33. Kf3 g4+ 34. Ke3 Ke6 35. Rc3 b5 36. axb5 Rxb5 37. Kd3 Kd6 38. Ke3 Rc5 (38... Rb4 {is interesting.} 39. Kd3 Ke6 40. Ke3 Kd7 41. Kd3 Kd6 )39. Rxc5 Kxc5 {KP-KP} 40. Kd3 Kb4 41. Kc2 a4 42. bxa4 Kxa4 {K3P-K3P} 43. Kc3 $1 { [#] Intending Kc4 and mate.} Kb5 44. Kb3 $1 Kc5 45. Kc3 Kb5 $1 {} 46. Kb3 $1 Kc5 {[#] ( -> ...Kd4)} 47. Kc3 Kb5 $1 {An uneventful encounter. Accuracy: White = 100%, Black = 100%.} 1/2-1/2

[Event "Chess24 Legends of Chess"]
[White "Leko, Peter"]
[Black "Anand, Viswanathan"]
[Site "Online"]
[Round "5.5"]
[Annotator "TA"]
[Result "1-0"]
[Date "2020.07.18"]
[WhiteElo "2710"]
[BlackElo "2751"]
[PlyCount "137"]

1. e4 {} e5 2. Nf3 Nc6 3. Bc4 Bc5 4. 0-0 Nf6 5. d3 d6 6. c3 a6 7. a4 0-0 8. Re1 {C54: Giuoco Piano: 4 c3
Nf6, main lines with 5 d4 and 5 d3.} Ba7 9. h3 h6 10. Nbd2 { White has an edge.} Re8 11. b4 $1 {11.b4 is better than
11.Nf1.} Be6 12. Bxe6 Rxe6 13. Qc2 Qd7 14. Rb1 Ne7 15. Nf1 Ng6 16. Ng3 {[#]} c6 $146 ({Predecessor:} 16... d5 17. c4 c6 18. Nf5 Rd8 19. Rb3 Qe8 20. g3 Ne7 21. N3h4 Nxf5 22. Nxf5 Bb8 {1/2-1/2 (30) Nihal,S (2610)-Tomashevsky,E (2702) Konya
2019} )17. c4 Ree8 18. Bd2 Rad8 19. Nf5 Ne7 20. Ng3 (20. Nxe7+ {feels hotter.} Rxe7 21. b5 Ree8 22. Qb3 d5 23. exd5 cxd5 24. bxa6 bxa6 25. Nxe5 Qf5 26. Nf3 )Ng6 21. Rbd1 d5 22. Bc3 Bb8 23. c5 Bc7 24. Nf5 Nf4 25. Bb2 d4 26. Bc1 Ne6 27. a5 Kh7 28. Nd2 g6 29. Ng3 h5 30. Nc4 h4 31. Nf1 Nh5 32. Nh2 Nef4 33. Kh1 Qe7 34. Rg1 Rg8 35. Rde1 g5 36. Qd1 {[#] And now g3 would win.} Nf6 37. Bxf4 gxf4 38. Qf3 Rg6 39. g3 hxg3 40. fxg3 fxg3 41. Rxg3 Rdg8 42. Rxg6 (42. Qf5 $1 $14 )fxg6 $11 43. Rg1 Nh5 44. Rf1 Nf4 45. Qg3 Rf8 46. Rf3 Nh5 47. Qf2 Rxf3 (47... Kg7 {is more complex.} 48. Rxf8 Qxf8 49. Qh4 Qf6 50. Qg4 Nf4 )48. Nxf3 Nf4 49. Qf1 Kg7 50. Kh2 Bb8 51. Ne1 Qg5 52. Ng2 Nxg2 53. Qxg2 Qf4+ 54. Qg3 Qf1 55. h4 Bc7 56. Qg2 Qf4+ 57. Kh3 Bd8 {} 58. Qg3 {
Black must now prevent Qxf4.} Qf1+ 59. Kh2 Qe2+ 60. Qg2 $2 {[#]} (60. Kg1 $11 )Qh5 $1 $19 61. Qg3 (61. Qh3 $17 )Qe2+ $2 (61... Bxh4 $19 62. Qh3 Qe2+ 63. Qg2 Bf2 )62. Kh3 Qf1+ 63. Kg4 Qd1+ 64. Qf3 Qg1+ 65. Kh3 Bxh4 $2 {
} (65... Qe1 $11 )66. Kxh4 $18 {White is clearly winning.} Qh2+ 67. Kg4 Qh5+ 68. Kg3 Qg5+ 69. Kh3 {Accuracy: White = 88%, Black = 91%.} 1-0

[Event "Chess24 Legends of Chess"]
[White "Ivanchuk, Vasyl"]
[Black "Carlsen, Magnus"]
[Site "Online"]
[Round "5.5"]
[Annotator "TA"]
[Result "0-1"]
[Date "2020.07.18"]
[WhiteElo "2686"]
[BlackElo "2881"]
[PlyCount "72"]

1. d4 {} Nf6 2. c4 e6 3. Bg5 h6 4. Bh4 Be7 5. e3 b6 {[#]} 6. Be2 $146 {E00: Catalan Bogo-Indian (3 g3 Bb4+).} ({
Predecessor:} 6. Nc3 Bb7 7. Nf3 Ne4 8. Bg3 Nxc3 9. bxc3 Nc6 10. Nd2 h5 11. h4 Na5 12. e4 d6 13. Bd3 c5 14. d5 e5 15. f3 Bc8 {1/2-1/2 (44) Winants,L (2515)
-Sokolov,A (2566) France 2001} )Bb7 7. Bf3 Bxf3 8. Nxf3 {The position is
equal.} Ne4 9. Qc2 f5 10. Bxe7 Qxe7 11. Ne5 0-0 12. 0-0 (12. Ng6 {keeps more
tension.} Qb4+ 13. Nc3 Re8 14. a3 Qxc4 15. Ne5 )Qe8 13. f3 Nf6 14. Nc3 d6 15. Nd3 Nbd7 16. Rae1 Qf7 17. e4 fxe4 18. fxe4 e5 19. d5 Qg6 20. Nb5 Rfc8 21. Nb4 a6 22. Nc6 {Ne7+ is the strong threat.} Kh8 23. Nc3 Rf8 24. b4 Rf7 25. Rf3 Raf8 26. Ref1 Nb8 27. Nxb8 Rxb8 28. Qa4 Ra8 {[#]} 29. c5 $1 {
Strongly threatening cxd6. Decoy} bxc5 30. bxc5 dxc5 31. Qc6 $36 {
White is pushing.} Rb8 32. Rg3 Qh7 33. Rf5 Rbf8 (33... Qg8 $11 )34. Rgf3 Qg6 $2 (34... Qg8 $16 )35. Qxc5 $2 {[#]} ({Resist} 35. Qxa6 $6 Re7 )(35. Rxe5 $18 {
Threatens to win with Ref5.} h5 36. Qxa6 )Rb8 $2 (35... Nxe4 $1 $17 {
 stays on course.} 36. Qxf8+ (36. Nxe4 Rxf5 )Rxf8 37. Rxf8+ Kh7 38. Nxe4 Qxe4 )36. Qf2 $2 { [#]} (36. Qa7 $16 Rb2 37. Rg3 )Nxe4 $1 { Accuracy: White = 70%, Black = 62%.} 0-1